<?xml version="1.0" encoding="UTF-8"?><?xml-stylesheet type="text/xsl" href="static/style.xsl"?><OAI-PMH xmlns="http://www.openarchives.org/OAI/2.0/" xmlns:xsi="http://www.w3.org/2001/XMLSchema-instance" xsi:schemaLocation="http://www.openarchives.org/OAI/2.0/ http://www.openarchives.org/OAI/2.0/OAI-PMH.xsd"><responseDate>2026-04-28T21:21:14Z</responseDate><request verb="GetRecord" identifier="oai:uvadoc.uva.es:10324/7375" metadataPrefix="marc">https://uvadoc.uva.es/oai/request</request><GetRecord><record><header><identifier>oai:uvadoc.uva.es:10324/7375</identifier><datestamp>2021-06-29T10:16:32Z</datestamp><setSpec>com_10324_38</setSpec><setSpec>col_10324_852</setSpec></header><metadata><record xmlns="http://www.loc.gov/MARC21/slim" xmlns:doc="http://www.lyncode.com/xoai" xmlns:xsi="http://www.w3.org/2001/XMLSchema-instance" xmlns:dcterms="http://purl.org/dc/terms/" xsi:schemaLocation="http://www.loc.gov/MARC21/slim http://www.loc.gov/standards/marcxml/schema/MARC21slim.xsd">
<leader>00925njm 22002777a 4500</leader>
<datafield tag="042" ind1=" " ind2=" ">
<subfield code="a">dc</subfield>
</datafield>
<datafield tag="720" ind1=" " ind2=" ">
<subfield code="a">Cardoso Montero, Raquel</subfield>
<subfield code="e">author</subfield>
</datafield>
<datafield tag="260" ind1=" " ind2=" ">
<subfield code="c">2014</subfield>
</datafield>
<datafield tag="520" ind1=" " ind2=" ">
<subfield code="a">Numerosos estudios acerca del modo en que afecta el entorno al paciente han sido realizados, pero son escasos los que hablan acerca de la capacidad del sistema nervioso y la posibilidad de estimularla para inducir cambios plásticos que favorezcan la recuperación de sus lesiones. Hasta el momento actual apenas se ha tenido en cuenta la figura del logopeda como profesional rehabilitador en dichos estudios. Por estos motivos, uno de los objetivos de este trabajo de fin de grado es acercarse al campo de la Intervención logopédica en situaciones de daño cerebral, con un enfoque neurorrehabilitador basado en la habilidad plástica del cerebro.&#xd;
Para ello se han consultado fuentes bibliográficas como PubMed, Scoon, diversos libros referidos en la bibliografía, así como una serie de pruebas diagnósticas y mi propia experiencia en las prácticas de la carrera con estos pacientes.&#xd;
El resultado principal es que el cerebro sí puede remodelarse para adaptarse tras una lesión, especialmente si se le ayuda con técnicas de estimulación, logopédicas o de otro tipo.&#xd;
Aunque todavía se sabe poco de las capacidades del sistema nervioso y sus posibilidades regenerativas, la intervención logopédica cuenta con técnicas que pueden ayudar al paciente con afectación del lenguaje por daño cerebral.</subfield>
</datafield>
<datafield tag="024" ind2=" " ind1="8">
<subfield code="a">http://uvadoc.uva.es/handle/10324/7375</subfield>
</datafield>
<datafield ind1=" " ind2=" " tag="653">
<subfield code="a">Cerebro - Lesiones y heridas</subfield>
</datafield>
<datafield tag="245" ind1="0" ind2="0">
<subfield code="a">Bases neurobiológicas de la neuroplasticidad.Oportunidad para la recuperación de las alteraciones del lenguaje en el daño cerebral</subfield>
</datafield>
</record></metadata></record></GetRecord></OAI-PMH>